Datum a čas kvízu

35.5 Celkem bodů Celkový počet nahraných bodů na tomto kvízu bez doplňovacích otázek.
1. Pořadí na kvízu Konečné umístění týmu na tomto kvízu.

Zaznamenané odpovědi

# Otázka Odpověď Body Výsledky
1. Vatikán minulé pondělí oznámil... Stanislav Přibyl 1
2. Co neobvyklého našli lékaři v... dělostřelecký granát 1
3. Vstup ke které římské památce... k fontáně di Trevi 1
4. Do aukční historie se nově zap... Rembrandt (Harmenszoon van Rijn) 0
5. V pátek byly zahájeny zimní ol... David Pastrňák; Lucie Charvátová 1
6. 29. května roku 1500 umírá pob... Bartolomeu Dias 0
7. 8. února 1700 se narodil Danie... A) proudění tekutin 0
8. Za kulatý letopočet budeme dne... Brouček 1
9. 19. března 1900 se v Paříži na... Frédéric Joliot-Curie 1
10. Od 15. září do 1. října 2000 s... Jan Železný; Sydney 1